| 000 | 01082njm a22002417a 4500 | ||
|---|---|---|---|
| 005 | 20100910100728.0 | ||
| 007 | sd ammalaaahaa | ||
| 008 | 100910t xxu||||| |||| 00| 0 hin d | ||
| 028 |
_aECPL. 2349 _bHis Master's Voice |
||
| 035 | _aGR-01751 | ||
| 040 | _aSED/VEN | ||
| 100 |
_aRadha _91184 |
||
| 245 |
_aSri raghukulamandhu bytti-hamsadwani Part 1 : _cby Radha [and] Jayalakshmi _h[sound recording] : _bClassical |
||
| 246 | _aश्री रघुकुलामंधू ब्य्त्ति -हम्सद्वानी (राधा और जयलक्ष्मी) | ||
| 260 |
_aDum Dum, India _bHis Master's Voice _c1967 |
||
| 300 |
_a1 sound disc [Gramophone record] : _banalog, 33. 1/3 rpm _c10 in. _fGramophone record |
||
| 500 | _aBrief record. | ||
| 505 | _aPart 2 Vara Raaga Layagnulu (Jayalakshmi) वारा राग लायाग्नुलू | ||
| 650 |
_aClassical Music _xExcerpts _zIndia _919315 |
||
| 700 |
_aJayalakshmi _919539 |
||
| 942 |
_2ddc _cGR |
||
| 999 |
_c45231 _d45231 |
||